000 01423nam a2200337 a 4500
001 BRCA_3047
005 20190320204102.0
008 220109s1776----be-a---###---#000-0#fre-u
041 _afre
044 _abe
084 _a354
_b.B3776
_c1776
100 1 _aCervantes Saavedra, Miguel de
_d1547-1616
_9213
245 1 0 _aLes Principales Aventures de L´Admirable Don Quichotte
_cMiguel de Cervantes Saavedra.
260 _aLieja (Bélgica)
_bJean-Francoise Bassompierre
_c1776
300 _aviii, 356 p.
_bil.
_c32 cm.
500 _aContenido : Primera parte. Dedicatoria del librero. Advertencia. Láminas con texto explicativo. Texto. Segunda parte. Texto
500 _aEdición : Avec les Explications des xxi Planches de Cette Magnifique Collection
500 _aEjemplar por completo igual al LO-353 Lúdovik Osterc
500 _aIncluye índice : de láminas (p. 355-356)
500 _aQM276
546 _aTexto en : francés
650 1 4 _aNovela española
_yÉpoca clásica, 1500-1700
_9215
650 1 4 _aLiteratura española
_yÉpoca clásica, 1500-1700
_9216
650 1 4 _aNovela española
_ySiglo XVII
_9217
650 1 4 _aDon Quijote (Personaje ficticio)
_eNovela
_9218
700 1 _aCoypel, Charles-Antoine
_d1694-1752
_eIlustrador
_98363
700 1 _aPicart Le Romain, Bernard
_d1673-1733
_eIlustrador
_98364
740 0 _aEl Ingenioso Hidalgo Don Quijote de la Mancha
902 _aQFM
942 _2lcc
_cB
999 _c2783
_d2783